Sobre Héroes y Tumbas
保存先:
| 第一著者: | |
|---|---|
| フォーマット: | 図書 |
| 言語: | Undetermined |
| 出版事項: |
Buenos Aires, Argentina
Editorial Sudamerica
1972
|
| 版: | 13 |
| 主題: | |
| タグ: |
タグ追加
タグなし, このレコードへの初めてのタグを付けませんか!
|
MARC
| LEADER | 00000nam a2200000Ia 4500 | ||
|---|---|---|---|
| 008 | 170316s9999 xx 000 0 und d | ||
| 040 | |a cru BVZT | ||
| 090 | |a 860 S-1s | ||
| 100 | |a Sábato, Ernesto | ||
| 245 | |a Sobre Héroes y Tumbas | ||
| 250 | |a 13 | ||
| 260 | |a Buenos Aires, Argentina | ||
| 260 | |b Editorial Sudamerica | ||
| 260 | |c 1972 | ||
| 300 | |a 464 páginas | ||
| 650 | |a LITERATURA LATINOAMERICANA | ||
| 999 | |c 9210 |d 9210 | ||
| 942 | |c 15 D |h 860 S-1s |2 z | ||
